banner koha

Manual de zoonoses; brucelose, febre amarela, febre maculosa, gripe aviária, larva migrans, leishmanioses, leptospirose, raiva, toxoplasmose, tuberculose. v. 1 (Registro n. 85132)

MARC details
000 -LÍDER
campo de controle de tamanho fixo 01270nam a22003497a 4500
001 - NÚMERO DE CONTROLE
campo de controle BR2019000887
003 - IDENTIFICADOR DO NÚMERO DE CONTROLE
campo de controle BR-BrBNA
005 - DATA E HORÁRIO DA ÚLTIMA TRANSAÇÃO
campo de controle 20230928105433.0
007 - CAMPO FIXO DE DESCRIÇÃO FÍSICA--INFORMAÇÃO GERAL
campo de controle de tamanho fixo ta
008 - CAMPO DE DADOS FIXOS--INFORMAÇÃO GERAL
campo de controle de tamanho fixo 230509b bl.||||| |||| 00| 0 por d
040 ## - FONTE DA CATALOGAÇÃO
Instituição da catalogação original BR-BrBNA
Idioma da catalogação por
Instituição que transcreveu o registro Biblioteca Nacional de Agricultura
041 ## - CÓDIGO DE IDIOMA
Código do idioma do texto/trilha sonora ou título diferente (Por)
072 ## - CÓDIGO DE CATEGORIA DE ASSUNTO
Código de Categoria de Assunto L73
090 ## - NÚMERO DE CHAMADA LOCAL
-- L73 BR2019000887
100 1# - ENTRADA PRINCIPAL--NOME PESSOAL
Nome pessoal Nápoli, L. (org.)
100 1# - ENTRADA PRINCIPAL--NOME PESSOAL
Nome pessoal Sartor, D.R. (org.)
100 1# - ENTRADA PRINCIPAL--NOME PESSOAL
Nome pessoal Martins, J.P. (org.)
110 1# - ENTRADA PRINCIPAL--NOME CORPORATIVO
Nome corporativo ou nome da jurisdição Conselho Regional de Medicina Veterinária do Paraná, Curitiba (Brasil)
9 (RLIN) 2741
110 1# - ENTRADA PRINCIPAL--NOME CORPORATIVO
Nome corporativo ou nome da jurisdição Conselho Regional de Medicina Veterinária de Santa Catarina, Florianópolis (Brasil)
110 1# - ENTRADA PRINCIPAL--NOME CORPORATIVO
Nome corporativo ou nome da jurisdição Conselho Regional de Medicina Veterinária do Rio Grande do Sul, Porto Alegre (Brasil)
9 (RLIN) 2742
245 1# - TÍTULO
Título Manual de zoonoses; brucelose, febre amarela, febre maculosa, gripe aviária, larva migrans, leishmanioses, leptospirose, raiva, toxoplasmose, tuberculose. v. 1
250 1# - EDIÇÃO
Edição 1. ed.
260 3# - PUBLICAÇÃO, DISTRIBUIÇÃO, ETC.
Local de publicação, distribuição, etc. [np](Brasil):
Data da publicação, distribuição, etc. 2009.
300 ## - DESCRIÇÃO FÍSICA
Extensão 164 p.
500 ## - NOTA GERAL
Nota geral Includes several bibliographies; 23 illus.; 7 tables, 8 graphs
650 ## - ASSUNTO--TERMO TÓPICO
Cabeçalho tópico ou nome geográfico ZOONOSE
650 ## - ASSUNTO--TERMO TÓPICO
Cabeçalho tópico ou nome geográfico DOENÇA ANIMAL
650 ## - ASSUNTO--TERMO TÓPICO
Cabeçalho tópico ou nome geográfico VETERINÁRIA
650 ## - ASSUNTO--TERMO TÓPICO
Cabeçalho tópico ou nome geográfico SAÚDE PÚBLICA
909 ## -
-- 202309
-- Lucia
-- 55
-- Lucia Elande
942 ## - ELEMENTOS DE ENTRADA ADICIONADOS (KOHA)
Tipo de material Koha Livros

Nenhum exemplar disponível.

BINAGRI

Telefone: (61)3218-2567/2388/3357/2097 - binagri@agro.gov.br

Ministério da Agricultura e Pecuária , Esplanada dos Ministérios, Bloco D, Anexo B, Brasília/DF, CEP: 70.043-900